| 000 | 00523nam a22001937a 4500 | ||
|---|---|---|---|
| 003 | Ost | ||
| 005 | 20250716145551.0 | ||
| 008 | 250716b |||||||| |||| 00| 0 eng d | ||
| 020 | _a9780367657147 | ||
| 040 | _cBT-PhCST | ||
| 050 | _a25409-25413 | ||
| 082 |
_222 _a551.49 _bDAS |
||
| 100 | _aDassargues, Alain. | ||
| 245 |
_aHydrogeology : _bground water science and engineering / |
||
| 260 |
_aLondon : _bCRC Press, _cc2019 |
||
| 300 |
_axviii, 471 p. : _bill. ; _c24 cm. |
||
| 500 | _aIncludes Index. | ||
| 942 |
_2ddc _cWRE |
||
| 999 |
_c10031 _d10031 |
||